00306nam a22001097a 4500020001500000082002500015100002000040245006000060260004600120300000800166650002200174 a8176290742 a320.550917645 PAT V3 aPattanaik, D.D. aHindu Nationalism in India: V3: Ideological Corollaries aNew DelhibDeep & Deep Publicationsc1998 a174 aNationalism-Hindu